Λεόντιος και Λένα : κωμωδία

Αποθηκεύτηκε σε:
Λεπτομέρειες βιβλιογραφικής εγγραφής
Κύριος συγγραφέας: Buchner, Georg, 1813-1837
Άλλοι συγγραφείς: Αλεξανδράκη, Αλίκη (trlf)
Μορφή: Βιβλίο
Γλώσσα:Greek
German
Δημοσίευση: Αθήνα : Δωδώνη, [19--].
Σειρά:Παγκόσμιο θέατρο (Εκδόσεις Δωδώνη) ; 8
Θέματα:
Ετικέτες: Προσθήκη ετικέτας
Δεν υπάρχουν, Καταχωρήστε ετικέτα πρώτοι!

MARC

LEADER 00000cam a2200000 i 4500
001 1/17295
008 120112q19uu gr | ||| |||| ||gre||
035 |l 10111658 
040 |a GR-MyUA  |b gre  |e AACR2 
041 1 |a gre  |h ger 
082 0 |a 832  |2 (22) 
100 1 |a Buchner, Georg,   |d 1813-1837. 
245 1 0 |a Λεόντιος και Λένα :   |b κωμωδία /   |c Georg Buchner ; μετάφραση Αλίκης Αλεξανδράκη.  
260 |a Αθήνα :   |b Δωδώνη,   |c [19--].  
300 |a 108 σ. ;  |c 21 εκ. 
490 1 |a (Παγκόσμιο θέατρο / Δωδώνη   |v ; 8)  
500 |a Τίτλος πρωτοτύπου: Leonce und Lena.  
650 0 0 |a German drama. 
700 1 |a Αλεξανδράκη, Αλίκη,  |e trlf 
830 0 |a Παγκόσμιο θέατρο (Εκδόσεις Δωδώνη)  |v  ; 8 
852 |a INST  |b SAMOS  |e 20120112  |h 832 BUC  |p 005300034182  |q 005300034182  |t BK  |y 0 
901 |a BIBL3-2011-2 
909 |a Σ  |b 171746 
970 |a ΓΟΥΒΑΛΑ  |b ΒΑΣΩ  |z 2012/01/12